Nedko Solakov : (Record no. 353244)
[ view plain ]
| 000 -LEADER | |
|---|---|
| fixed length control field | 01031 a2200313 4500 |
| 003 - CONTROL NUMBER IDENTIFIER | |
| control field | OSt |
| 005 - DATE AND TIME OF LATEST TRANSACTION | |
| control field | 20180116192359.0 |
| 008 - FIXED-LENGTH DATA ELEMENTS--GENERAL INFORMATION | |
| fixed length control field | 120702t xxu||||| |||| 00| 0 eng d |
| 010 ## - LIBRARY OF CONGRESS CONTROL NUMBER | |
| LC control number | 2010280658 |
| 020 ## - INTERNATIONAL STANDARD BOOK NUMBER | |
| International Standard Book Number | 0714848883 |
| 020 ## - INTERNATIONAL STANDARD BOOK NUMBER | |
| International Standard Book Number | 9780714848884 |
| 035 ## - SYSTEM CONTROL NUMBER | |
| System control number | (OCoLC)ocn277044653 |
| 040 ## - CATALOGING SOURCE | |
| Transcribing agency | 0 |
| 082 04 - DEWEY DECIMAL CLASSIFICATION NUMBER | |
| Classification number | 709.2 |
| 100 1# - MAIN ENTRY--PERSONAL NAME | |
| Personal name | Solakov, Nedko. |
| 9 (RLIN) | 4940 |
| 245 10 - TITLE STATEMENT | |
| Title | Nedko Solakov : |
| Remainder of title | 99.99 fears / |
| Statement of responsibility, etc. | [essay by Suzaan Boettger]. |
| 246 30 - VARYING FORM OF TITLE | |
| Title proper/short title | 99.99 fears |
| 246 30 - VARYING FORM OF TITLE | |
| Title proper/short title | Nedko Solakov : |
| Remainder of title | 99 fears |
| 246 30 - VARYING FORM OF TITLE | |
| Title proper/short title | 99 fears |
| 246 30 - VARYING FORM OF TITLE | |
| Title proper/short title | Ninety-nine fears |
| 260 ## - PUBLICATION, DISTRIBUTION, ETC. | |
| Place of publication, distribution, etc. | London ; |
| -- | New York : |
| Name of publisher, distributor, etc. | Phaidon Press, |
| Date of publication, distribution, etc. | 2008. |
| 300 ## - PHYSICAL DESCRIPTION | |
| Extent | 99 p. of plates, [7] p. : |
| Other physical details | ill. (some col.) ; |
| Dimensions | 21 x 30 cm. |
| 505 00 - FORMATTED CONTENTS NOTE | |
| Formatted contents note | Fears 2006-07 / by Nedko Solakov (me) -- Courage / by Suzaan Boettger. |
| 600 10 - SUBJECT ADDED ENTRY--PERSONAL NAME | |
| Personal name | Solakov, Nedko |
| General subdivision | Themes, motives. |
| 9 (RLIN) | 4941 |
| 650 10 - SUBJECT ADDED ENTRY--TOPICAL TERM | |
| Topical term or geographic name entry element | Fear in art. |
| 9 (RLIN) | 4942 |
| 700 1# - ADDED ENTRY--PERSONAL NAME | |
| Personal name | Boettger, Suzaan, |
| Dates associated with a name | 1948- |
| 9 (RLIN) | 4943 |
| 942 ## - ADDED ENTRY ELEMENTS (KOHA) | |
| Institution code [OBSOLETE] | SADA |
| Koha item type | Book |
| Call number prefix | 709.2 SOL 2008 |
| Source of classification or shelving scheme | |
| 952 ## - LOCATION AND ITEM INFORMATION (KOHA) | |
| -- | BOOK |
| Withdrawn status | Lost status | Source of classification or shelving scheme | Damaged status | Not for loan | Permanent Location | Current Location | Date acquired | Total Checkouts | Total Renewals | Full call number | Barcode | Date last seen | Date last checked out | Cost, replacement price | Price effective from | Koha item type |
|---|---|---|---|---|---|---|---|---|---|---|---|---|---|---|---|---|
| School of Art Design and Architecture (SADA) | School of Art Design and Architecture (SADA) | 06/28/2011 | 10 | 2 | 709.2 SOL 2008 | SADA0001405 | 06/07/2016 | 03/25/2016 | 1919.00 | 08/05/2011 | Book |
